000 00995nam a22003017a 4500
003 CHAP
005 20220329141520.0
008 971013s1988 r 00010 d
010 _a69402
011 _a70374
035 _a79855
040 _cCHAP
082 _a371.3
_bO7
110 _aOrganismo Internacional Regional de Sanidad Agropecuaria. Programa Regional para el Manejo y Control de la Abeja Africanizada
_983515
245 _aMetodología del proceso de la enseñanza aprendizaje
260 _aEl Salvador :
_bEl Organismo,
_c1988
300 _a75 p.
500 _a34-56
590 _aBATCH-UPD
_b10
_c20130110
_lUCH01
_h1555
590 _aBATCH-UPD
_b10
_c20130410
_lUCH01
_h0952
590 _aBATCH-UPD
_b10
_c20130914
_lUCH01
_h1237
590 _aCONVERSION
_b10
_c20130109
_lUCH01
_h1338
650 1 4 _aAprendizaje.
_96370
650 1 4 _aEducación
_xMetodología.
_935463
901 _aBK
942 _cLIBRO
949 _a371.3 O7
_bBC
_cLIBRO
_d33724000144911
_eLIBRO
_h76047
_i79855
_si
999 _c69402
_d69402